000
00238 a2200085 4500
020
_a
9781856697965
100
_a
Mary Warner Marien
245
_a
100 Ideas that Changed Photography
260
_b
Laurence King Publishing; Illustrated
_c
2012
999
_c
13405
_d
13405